Magyarország földrajzi kis-, közép- és nagytájai térképen - Statistics

General Stats
  • This quiz has been taken 169 times
  • The average score is 30 of 271
Answers on the Map
Answers color-coded by a green-red scale on the quiz's map according to % correct below.
 
Answer Stats
Class Answer % Correct
1 Alföld
84%
2 Kisalföld
76%
6 Mátra-vidék
71%
4 Balaton
68%
6 Bükk-vidék
68%
6 Észak-magyarországi-középhegység
66%
4 Mecsek-hegység
66%
3 Alpokalja
62%
5 Dunántúli-középhegység
62%
5 Bakony-vidék
58%
6 Börzsöny
54%
1 Hortobágy
53%
1 Kiskunsági-homokhát
53%
4 Dunántúli-dombság
51%
6 Cserhát-vidék
47%
1 Nyírség
47%
5 Balaton-felvidék és kismedencéi
39%
6 Tokaj–Zempléni-hegyvidék
38%
1 Jászság
35%
3 Zalai-dombság
34%
1 Hajdúság
33%
3 Kőszegi-hegység
32%
4 Villányi-hegység
32%
5 Budai-hegység
30%
6 Visegrádi-hegység
30%
5 Pilisi-hegyek
28%
3 Soproni-hegység
27%
1 Bodrogköz
24%
1 Mezőföld
24%
5 Velencei-hegység
24%
1 Velencei-medence
23%
2 Fertő-medence
22%
3 Nyugat-magyarországi peremvidék
20%
6 Tokaji-hegy
20%
6 Gödöllői-dombság
19%
2 Szigetköz
19%
4 Kis-Balaton-medence
18%
6 Aggteleki-hegység
16%
4 Belső-Somogy
16%
6 Bükk-fennsík
16%
4 Külső-Somogy
16%
1 Rétköz
16%
1 Sárrét
16%
1 Tiszazug
16%
2 Hanság
15%
6 Hegyalja
15%
2 Győri-medence
14%
6 Karancs
14%
3 Kemeneshát
14%
1 Pesti-hordalékkúpsíkság
14%
4 Tapolcai-medence
14%
6 Északi-Bükk
13%
1 Gyöngyösi-sík
13%
1 Körös–Maros köze
13%
1 Nyugati-Nyírség (Löszös-Nyírség)
13%
1 Beregi-sík
11%
1 Csepeli-sík
11%
1 Délkelet-Nyírség
11%
1 Dél-Nyírség
11%
1 Északkelet-Nyírség
11%
1 Hatvani-sík
11%
1 Hevesi-sík
11%
1 Kalocsai-Sárköz
11%
6 Kosdi-dombság
11%
1 Közép-Nyírség
11%
6 Nyugati-Mátra
11%
1 Szatmári-sík
11%
1 Alsó-Tisza-vidék
10%
6 Bódva-völgy
10%
5 Dunazug-hegyvidék
10%
1 Felső-Tisza-vidék
10%
6 Galga-völgy
10%
1 Közép-Tisza-vidék
10%
6 Központi-Börzsöny
10%
1 Mohácsi-sziget
10%
5 Móri-árok
10%
6 Nézsa–Csővári-dombság
10%
6 Rudabányai-hegység
10%
1 Solti-sík
10%
1 Tápió-vidék
10%
6 Tárkányi-medence
10%
6 Tarna-völgy
10%
1 Tolnai-Sárköz
10%
6 Alsó-hegy
9%
6 Alsó-Ipoly-völgy
9%
1 Békési-sík
9%
6 Börzsönyi-peremhegység
9%
1 Dél-Hajdúság
9%
6 Déli-Bükk
9%
1 Duna menti síkság
9%
5 Etyeki-dombság
9%
6 Hernád-völgy
9%
1 Hevesi-ártér
9%
1 Kis-Sárrét
9%
1 Körösszög
9%
6 Középső-Ipoly-völgy
9%
2 Marcal-medence
9%
2 Mosoni-sík
9%
1 Nagy-Sárrét
9%
6 Sajó-völgy
9%
6 Szerencsi-dombság
9%
6 Szerencsköz
9%
1 Szolnoki-ártér
9%
6 Upponyi-hegység
9%
1 Vác–Pesti-Duna-völgy
9%
6 Visegrádi-Dunakanyar
9%
6 Zagyva-völgy
9%
4 Balatoni-riviéra
8%
6 Börzsönyi-kismedencék
8%
1 Dél-Tisza-völgy
8%
6 Egri-Bükkalja
8%
6 Keleti-Cserehát
8%
5 Keleti-Gerecse
8%
4 Keszthelyi-riviéra
8%
5 Központi-Gerecse
8%
2 Marcal-völgy
8%
6 Miskolci-Bükkalja
8%
6 Nyugati-Cserehát
8%
5 Nyugati-Gerecse
8%
6 Ózd–Egercsehi-medence
8%
5 Pannonhalmi-dombság
8%
6 Parád–Recski-medence
8%
1 Sajó–Hernád-sík
8%
1 Sió-völgy
8%
6 Szalonnai-hegység
8%
6 Szécsényi-dombság
8%
4 Szekszárdi-dombság
8%
1 Szolnok–Túri-sík
8%
1 Taktaköz
8%
6 Terényi-dombság
8%
1 Tiszafüred–Kunhegyesi-sík
8%
6 Tornai-dombság
8%
5 Vértesalja
8%
1 Békési-hát
6%
1 Bihari-sík
6%
1 Borsodi-ártér
6%
1 Csongrádi-sík
6%
6 Déli-Mátra
6%
5 Gánti-medence
6%
1 Hajdúhát
6%
1 Illancs
6%
2 Kemenesalja
6%
3 Közép-Zalai-dombság (Göcsej)
6%
6 Központi-Zemplén
6%
6 Litke–Etesi-dombság
6%
6 Magas-Mátra
6%
1 Marosszög
6%
6 Mátralába
6%
4 Nagy-Berek
6%
6 Nógrádi-medence
6%
4 Nyugat-Külső-Somogy
6%
5 Öreg-Bakony
6%
6 Pétervásárai-dombság
6%
5 Pilisi-medencék
6%
6 Putnoki-dombság
6%
3 Soproni-medence
6%
5 Súri-Bakonyalja
6%
3 Vasi-Hegyhát
6%
5 Veszprém–Devecseri-árok
6%
4 Völgység
6%
5 Zsámbéki-medence
6%
4 Balaton-medence
5%
1 Borsodi-Mezőség
5%
6 Cserhátalja
5%
4 Dél-Külső-Somogy
5%
1 Duna–Tisza közi síkvidék
5%
6 Észak-magyarországi-medencék
5%
6 Felső-Tarnai-dombság
5%
5 Keleti-Bakony
5%
6 Keleti-Mátraalja
5%
4 Kelet-Külső-Somogy
5%
5 Keszthelyi-fennsík
5%
5 Lovasberényi-hát
5%
4 Marcali-hát
5%
4 Nyugat-Belső-Somogy
5%
6 Nyugati-Mátraalja
5%
3 Rába-völgy
5%
5 Vértes-fennsík
5%
6 Aggtelek–Rudabányai-hegyvidék
4%
1 Bácskai-síkvidék
4%
2 Csornai-sík
4%
1 Dráva menti síkság
4%
1 Dráva-sík
4%
1 Észak-alföldi-hordalékkúpsíkság
4%
4 Geresdi-dombság
4%
3 Gyöngyös-sík
4%
2 Igmánd–Kisbéri-medence
4%
1 Közép-Mezőföld
4%
6 Központi-Cserhát
4%
4 Mecsek és Tolna–Baranyai-dombvidék
4%
6 Medves-vidék
4%
4 Pécsi-síkság
4%
3 Sopron–Vasi-síkság
4%
5 Sümeg–Tapolcai-hát
4%
4 Tolnai-Hegyhát
4%
5 Vértes–Velencei-hegyvidék
4%
5 Veszprém–Nagyvázsonyi-medence
4%
6 Vitányi-rögök
4%
5 Zámolyi-medence
4%
6 Abaúji-hegyalja
3%
3 Alsó-Zala-völgy
3%
4 Baranyai-Hegyhát
3%
4 Dél-baranyai-dombság
3%
4 Dél-Zselic
3%
5 Devecseri-Bakonyalja
3%
1 Enyingi-hát
3%
4 Észak-Zselic
3%
3 Felső-Zala-völgy
3%
3 Fertőmelléki-dombság
3%
6 Hegyközi-dombság
3%
2 Kapuvári-sík
3%
4 Kelet-Belső-Somogy
3%
1 Kiskunsági löszös hát
3%
2 Komárom–Esztergomi-síkság
3%
1 Mohácsi teraszos sík
3%
5 Pápai-Bakonyalja
3%
6 Tardonai-dombság
3%
5 Tétényi-fennsík
3%
5 Vilonyai-hegyek
3%
2 Almás–Táti-Duna-völgy
1%
3 Alsó-Kemeneshát
1%
5 Által-ér-völgy
1%
5 Bakonyi-kismedencék
1%
1 Berettyó–Kálló köze
1%
1 Berettyó–Körös-vidék
1%
5 Budaörsi- és Budakeszi-medence
1%
1 Bugaci-homokhát
1%
1 Csanádi-hát
1%
1 Dél-Mezőföld
1%
1 Dévaványai-sík
1%
1 Dorozsma–Majsai-homokhát
1%
3 Egerszeg–Letenyei-dombság
1%
1 Érmelléki löszös hát
1%
1 Fekete-víz síkja
1%
3 Felső-Kemeneshát
1%
3 Felső-Őrség
1%
1 Gerje–Perje-sík
1%
2 Győr–Tatai-teraszvidék
1%
5 Kab-hegy–Agártető-csoport
1%
1 Körös menti sík
1%
6 Monor–Irsai-dombság
1%
1 Nyárád–Harkányi-sík
1%
2 Pápa–Devecseri-sík
1%
3 Pinka-sík
1%
3 Principális-völgy
1%
6 Rakacai-völgymedence
1%
1 Sárvíz-völgy
1%
4 Somogyi parti sík
1%
6 Szendrői-rögvidék
1%
5 Tátika-csoport
1%
1 Váli-víz síkja
1%
3 Vas-hegy és Kőszeghegyalja
1%
5 Vértes peremvidéke
1%
3 Zalavári-hát
1%
1 Bácskai löszös síkság
0%
5 Badacsony–Gulács-csoport
0%
6 Ecskendi-dombság
0%
1 Érd–Ercsi-hátság
0%
5 Gerecsei-kismedencék
0%
1 Harangod
0%
3 Ikva-sík
0%
1 Káloz–Igari-löszhátak
0%
3 Kerka-vidék (Hetés)
0%
4 Közép-Dráva-völgy
0%
3 Mura bal parti sík
0%
1 Pilis–Alpári-homokhát
0%
3 Rábai teraszos sík
0%
3 Répce-sík
0%
5 Sörédi-hát
0%
3 Zalaapáti-hát
0%
No matching quizzes found
Score Distribution
Percent of People with Each Score
Percentile by Number Answered
Your Score History
You have not taken this quiz